[Event "ZL-2020-0-02252"]
[Site "LSS email"]
[Date "2020.05.23"]
[Round "?"]
[White "Ausan, Leo Tito Jr"]
[Black "Prokopets, Vasilij"]
[Result "0-1"]
[WhiteElo "1191"]
[BlackElo "1358"]
[PlyCount "60"]
[EventDate "2020.05.19"]
[EventType "match (corr)"]
[EventRounds "2"]
[EventCountry "GER"]
[SourceTitle "Corr 2022"]
[Source "ChessBase"]
[SourceDate "2021.10.24"]
[SourceVersion "1"]
[SourceVersionDate "2021.10.24"]
[SourceQuality "1"]

1. e4 e5 2. Nf3 Nc6 3. Bb5 a6 4. Ba4 Nf6 5. 0-0 Be7 6. Re1 b5 7. Bb3 0-0 8. d3 d6 9. h3 Na5 10. c4 Nxb3 11. axb3 b4 12. Nbd2 c5 13. Nf1 Bb7 14. Ne3 g6 15. Nd5 Bxd5 16. exd5 Nh5 17. Bh6 Re8 18. g4 Ng7 19. Qd2 f5 20. Nxe5 dxe5 21. Rxe5 fxg4 22. Rae1 Bf6 23. Rxe8+ Nxe8 24. Qe3 Bd4 25. Qe6+ Kh8 26. Qf7 Ng7 27. Re7 Qf8 28. Bxg7+ Bxg7 29. Qe6 g3 30. fxg3 Bd4+ 0-1

[Event "OP-2020-0-04975"]
[Site "LSS email"]
[Date "2020.05.20"]
[Round "?"]
[White "Ausan, Leo Tito Jr"]
[Black "Puertas, Francisco Javier"]
[Result "0-1"]
[WhiteElo "1191"]
[BlackElo "1606"]
[PlyCount "54"]
[EventDate "2020.05.16"]
[EventType "tourn (corr)"]
[EventRounds "4"]
[EventCountry "GER"]
[SourceTitle "Corr 2022"]
[Source "ChessBase"]
[SourceDate "2021.10.24"]
[SourceVersion "1"]
[SourceVersionDate "2021.10.24"]
[SourceQuality "1"]

1. e4 c5 2. Nf3 Nc6 3. Bb5 g6 4. c3 Nf6 5. e5 Nd5 6. Bxc6 dxc6 7. d4 cxd4 8. cxd4 Bg7 9. 0-0 Bg4 10. h3 Bf5 11. Nh4 Be6 12. f4 Qd7 13. Nc3 Rd8 14. Nxd5 Bxd5 15. f5 Bc4 16. Rf4 Bxe5 17. Re4 Bxd4+ 18. Kh1 Qd5 19. Qe1 Bf6 20. b3 Bd3 21. Rxe7+ Bxe7 22. f6 Qe4 23. Qxe4 Bxe4 24. fxe7 Rd1+ 25. Kh2 f6 26. Bb2 Rxa1 27. Bxa1 Kxe7 0-1

[Event "OP-2020-0-04975"]
[Site "LSS email"]
[Date "2020.05.20"]
[Round "?"]
[White "Nowak, Andrzej"]
[Black "Ausan, Leo Tito Jr"]
[Result "1-0"]
[WhiteElo "1488"]
[BlackElo "1191"]
[PlyCount "33"]
[EventDate "2020.05.16"]
[EventType "tourn (corr)"]
[EventRounds "4"]
[EventCountry "GER"]
[SourceTitle "Corr 2022"]
[Source "ChessBase"]
[SourceDate "2021.10.24"]
[SourceVersion "1"]
[SourceVersionDate "2021.10.24"]
[SourceQuality "1"]

1. e4 c5 2. Nf3 Nc6 3. Bb5 Na5 4. c3 a6 5. Be2 d5 6. exd5 Qxd5 7. 0-0 Nf6 8. d4 cxd4 9. cxd4 Be6 10. Nc3 Qd6 11. Ne5 0-0-0 12. Bf4 Qxd4 13. Qc1 Nc6 14. Nxc6 Qb6 15. Na4 Qxc6 16. Bb5 axb5 17. Nb6# 1-0

[Event "IECC CL0-2020.00 email"]
[Site "IECC email"]
[Date "2020.05.19"]
[Round "?"]
[White "Ausan, Leo Tito Jr"]
[Black "Shim Ng Min, Francis"]
[Result "0-1"]
[WhiteElo "1191"]
[BlackElo "1158"]
[PlyCount "32"]
[EventDate "2020.02.29"]
[EventType "tourn (corr)"]
[EventRounds "4"]
[SourceTitle "Corr 2022"]
[Source "ChessBase"]
[SourceDate "2021.10.24"]
[SourceVersion "1"]
[SourceVersionDate "2021.10.24"]
[SourceQuality "1"]

1. e4 c5 2. Nf3 d6 3. Bb5+ Bd7 4. Bxd7+ Qxd7 5. 0-0 e5 6. c3 Nf6 7. Re1 Be7 8. d4 cxd4 9. cxd4 Qc7 10. Nc3 Nbd7 11. dxe5 dxe5 12. Nd5 Nxd5 13. Qxd5 0-0 14. Bg5 Bxg5 15. Nxg5 Nf6 16. Rac1 Nxd5 0-1

[Event "IECC CL0-2020.00 email"]
[Site "IECC email"]
[Date "2020.05.18"]
[Round "?"]
[White "Ausan, Leo Tito Jr"]
[Black "Chura, Michal"]
[Result "1/2-1/2"]
[WhiteElo "1191"]
[BlackElo "1061"]
[PlyCount "56"]
[EventDate "2020.02.23"]
[EventType "tourn (corr)"]
[EventRounds "4"]
[SourceTitle "Corr 2022"]
[Source "ChessBase"]
[SourceDate "2021.10.24"]
[SourceVersion "1"]
[SourceVersionDate "2021.10.24"]
[SourceQuality "1"]

1. e4 c5 2. Nf3 Nc6 3. Bb5 a6 4. Bxc6 bxc6 5. 0-0 d5 6. exd5 cxd5 7. h3 e6 8. d4 cxd4 9. Nxd4 Nf6 10. Re1 Bc5 11. Nc3 0-0 12. Nb3 Bb4 13. Re3 Bb7 14. a3 Be7 15. Rg3 Bd6 16. Rd3 Qe7 17. Bg5 h6 18. Bh4 Be5 19. Qd2 Qc7 20. Re1 Nd7 21. Rxe5 Nxe5 22. Rg3 Ng6 23. Bf6 gxf6 24. Qxh6 Qe5 25. Rxg6+ fxg6 26. Qxg6+ Kh8 27. Qh6+ Kg8 28. Qg6+ Kh8 1/2-1/2

[Event "LSS No Engine Cup 166 Preliminary 0"]
[Site "LSS email"]
[Date "2017.01.30"]
[Round "?"]
[White "Pech, Jaroslav Sr"]
[Black "Ausan, Leo Tito Jr"]
[Result "1-0"]
[WhiteElo "1547"]
[BlackElo "1522"]
[PlyCount "25"]
[EventDate "2017.01.31"]
[EventType "tourn (corr)"]
[EventRounds "6"]
[EventCountry "GER"]
[SourceTitle "Corr 2022"]
[Source "ChessBase"]
[SourceDate "2021.10.24"]
[SourceVersion "1"]
[SourceVersionDate "2021.10.24"]
[SourceQuality "1"]

1. d4 g6 2. e4 d6 3. Nc3 Bg7 4. Nf3 c6 5. Be2 d5 6. 0-0 Nf6 7. e5 0-0 8. exf6 exf6 9. h3 Be6 10. Bd3 b5 11. Bf4 Nd7 12. Re1 b4 13. Na4 1-0

[Event "IECC CL0-2017.00 email"]
[Site "IECC email"]
[Date "2017.01.14"]
[Round "?"]
[White "Evtyugin, Yury Alekseevich"]
[Black "Ausan, Leo Tito Jr"]
[Result "0-1"]
[WhiteElo "855"]
[BlackElo "1237"]
[PlyCount "98"]
[EventDate "2016.12.27"]
[EventType "tourn (corr)"]
[EventRounds "4"]
[SourceTitle "Corr 2022"]
[Source "ChessBase"]
[SourceDate "2021.10.24"]
[SourceVersion "1"]
[SourceVersionDate "2021.10.24"]
[SourceQuality "1"]

1. Nf3 c5 2. d4 cxd4 3. Nxd4 Nc6 4. Nc3 g6 5. e3 Bg7 6. Bc4 Na5 7. Bb3 Nf6 8. Bd2 0-0 9. 0-0 e5 10. Nf3 Re8 11. e4 Nxb3 12. axb3 d5 13. exd5 Nxd5 14. Ne4 Bg4 15. h3 Bxf3 16. Qxf3 f5 17. Nc3 e4 18. Qe2 e3 19. fxe3 Nxe3 20. Bxe3 Rxe3 21. Qc4+ Kh8 22. Rad1 Qe8 23. Nd5 Re2 24. Nf4 Re4 25. Qc7 Be5 26. Qxb7 Bxf4 27. Rd7 Qg8 28. Rfd1 Rae8 29. g4 fxg4 30. hxg4 g5 31. Qc6 Qe6 32. Qxe6 R4xe6 33. Kg2 Re2+ 34. Kf1 R8e7 35. Rxa7 Re1+ 36. Rxe1 Rxa7 37. Re2 Kg7 38. Kf2 Kf7 39. Kf3 Ra2 40. c3 Bc1 41. Ke4 Rxb2 42. Rxb2 Bxb2 43. Kf5 h6 44. c4 Ke7 45. Kg6 Ke6 46. Kxh6 Bf6 47. Kg6 Ke5 48. c5 Bd8 49. b4 Kd5 0-1

[Event "IECC CL0-2017.00 email"]
[Site "IECC email"]
[Date "2017.01.11"]
[Round "?"]
[White "Ausan, Leo Tito Jr"]
[Black "Casas Renteria, Enrique"]
[Result "0-1"]
[WhiteElo "1237"]
[BlackElo "1355"]
[PlyCount "46"]
[EventDate "2016.12.27"]
[EventType "tourn (corr)"]
[EventRounds "4"]
[SourceTitle "Corr 2022"]
[Source "ChessBase"]
[SourceDate "2021.10.24"]
[SourceVersion "1"]
[SourceVersionDate "2021.10.24"]
[SourceQuality "1"]

1. e4 g6 2. d4 Bg7 3. Be3 d6 4. Bc4 e6 5. Qd2 h6 6. f4 Ne7 7. Nc3 a6 8. Nf3 Nd7 9. 0-0 b6 10. Qf2 Bb7 11. Bb3 0-0 12. Nh4 Nf6 13. f5 Ng4 14. Qe2 Nxe3 15. Qxe3 Nc6 16. Rad1 Qxh4 17. fxg6 fxg6 18. Bxe6+ Kh7 19. h3 Rxf1+ 20. Kxf1 Qf6+ 21. Kg1 Qxe6 22. d5 Qe5 23. dxc6 Bxc6 0-1

[Event "CP-2016-P-00040"]
[Site "LSS email"]
[Date "2016.09.27"]
[Round "?"]
[White "Ausan, Leo Tito Jr"]
[Black "Ilyin, Igor"]
[Result "0-1"]
[WhiteElo "1250"]
[BlackElo "2061"]
[PlyCount "58"]
[EventDate "2016.10.01"]
[EventType "tourn (corr)"]
[EventRounds "6"]
[EventCountry "GER"]
[SourceTitle "Corr 2022"]
[Source "ChessBase"]
[SourceDate "2021.10.24"]
[SourceVersion "1"]
[SourceVersionDate "2021.10.24"]
[SourceQuality "1"]

1. e4 c5 2. Nf3 d6 3. d4 cxd4 4. Nxd4 Nf6 5. Nc3 g6 6. f3 Nc6 7. Be3 Bg7 8. Qd2 0-0 9. Bc4 Bd7 10. 0-0-0 Rc8 11. Bb3 Ne5 12. Kb1 Nc4 13. Bxc4 Rxc4 14. g4 a6 15. h4 h5 16. Rdg1 e6 17. Nde2 Bb5 18. Bh6 Qb6 19. Bxg7 Kxg7 20. e5 dxe5 21. gxh5 Nxh5 22. Qg5 Kh7 23. Ne4 Rxe4 24. Ng3 f6 25. Qc1 Nxg3 26. h5 g5 27. fxe4 Nxh1 28. Rxh1 Bc6 29. h6 Bxe4 0-1

[Event "CP-2016-P-00040"]
[Site "LSS email"]
[Date "2016.09.27"]
[Round "?"]
[White "Vasilyev, Eugene"]
[Black "Ausan, Leo Tito Jr"]
[Result "1-0"]
[WhiteElo "2182"]
[BlackElo "1250"]
[PlyCount "57"]
[EventDate "2016.10.01"]
[EventType "tourn (corr)"]
[EventRounds "6"]
[EventCountry "GER"]
[SourceTitle "Corr 2022"]
[Source "ChessBase"]
[SourceDate "2021.10.24"]
[SourceVersion "1"]
[SourceVersionDate "2021.10.24"]
[SourceQuality "1"]

1. e4 c5 2. Nf3 e6 3. d4 cxd4 4. Nxd4 a6 5. Bd3 Qc7 6. 0-0 Nc6 7. Nxc6 Qxc6 8. Nd2 b5 9. a4 Bb7 10. Nb3 b4 11. Na5 Qc7 12. Nxb7 Qxb7 13. Be3 Nf6 14. e5 Nd5 15. Be4 Rc8 16. Qd3 Bc5 17. Bd2 h6 18. Rad1 f5 19. exf6 gxf6 20. c4 bxc3 21. Bxc3 Ke7 22. Qf3 Rcf8 23. Bxd5 exd5 24. Rxd5 Qc6 25. Re1+ Kd8 26. Rxc5 Qxc5 27. Qb7 d5 28. Ba5+ Qxa5 29. Re7 1-0

[Event "OP-2016-0-04157"]
[Site "LSS email"]
[Date "2016.09.14"]
[Round "?"]
[White "Ausan, Leo Tito Jr"]
[Black "Richter, Klaus"]
[Result "0-1"]
[WhiteElo "1250"]
[BlackElo "1694"]
[PlyCount "40"]
[EventDate "2016.09.07"]
[EventType "tourn (corr)"]
[EventRounds "4"]
[EventCountry "GER"]
[SourceTitle "Corr 2022"]
[Source "ChessBase"]
[SourceDate "2021.10.24"]
[SourceVersion "1"]
[SourceVersionDate "2021.10.24"]
[SourceQuality "1"]

1. e4 e5 2. Nf3 Nc6 3. Bb5 Nf6 4. 0-0 Bc5 5. c3 0-0 6. d4 Bb6 7. Bg5 h6 8. Bh4 g5 9. Bg3 exd4 10. e5 Ne4 11. cxd4 Nxg3 12. hxg3 g4 13. d5 gxf3 14. dxc6 dxc6 15. Bd3 fxg2 16. Kxg2 Qd5+ 17. f3 Rd8 18. Be2 Bh3+ 19. Kh2 Qxe5 20. Qc2 Qh5 0-1

[Event "OP-2016-0-04157"]
[Site "LSS email"]
[Date "2016.09.14"]
[Round "?"]
[White "Hoffman, Mike"]
[Black "Ausan, Leo Tito Jr"]
[Result "1-0"]
[WhiteElo "800"]
[BlackElo "1250"]
[PlyCount "49"]
[EventDate "2016.09.07"]
[EventType "tourn (corr)"]
[EventRounds "4"]
[EventCountry "GER"]
[SourceTitle "Corr 2022"]
[Source "ChessBase"]
[SourceDate "2021.10.24"]
[SourceVersion "1"]
[SourceVersionDate "2021.10.24"]
[SourceQuality "1"]

1. c4 e5 2. Nc3 Nf6 3. g3 Nc6 4. Bg2 Bb4 5. Nf3 0-0 6. 0-0 Bxc3 7. bxc3 d6 8. Rb1 Rb8 9. d3 Ne7 10. Qa4 a6 11. c5 Bd7 12. Qa3 Bc6 13. cxd6 cxd6 14. Bg5 Ng6 15. c4 h6 16. Bxf6 Qxf6 17. Nd2 Qg5 18. Bxc6 bxc6 19. Ne4 Qh5 20. Rxb8 Rxb8 21. Qxd6 Rb2 22. Qxc6 Rxa2 23. Qe8+ Kh7 24. Qxf7 Kh8 25. Rb1 1-0

[Event "LSS No Engine Cup 151 Preliminary 0"]
[Site "LSS email"]
[Date "2016.04.02"]
[Round "?"]
[White "Neumann, Otto"]
[Black "Ausan, Leo Tito Jr"]
[Result "0-1"]
[WhiteElo "1123"]
[BlackElo "1541"]
[PlyCount "44"]
[EventDate "2016.04.03"]
[EventType "tourn (corr)"]
[EventRounds "6"]
[EventCountry "GER"]
[SourceTitle "Corr 2022"]
[Source "ChessBase"]
[SourceDate "2021.10.24"]
[SourceVersion "1"]
[SourceVersionDate "2021.10.24"]
[SourceQuality "1"]

1. d4 d5 2. Nf3 Nf6 3. Bf4 e6 4. Nc3 Be7 5. e3 0-0 6. Bd3 a6 7. 0-0 c5 8. Ne2 Nc6 9. c3 Nh5 10. Rc1 Nxf4 11. Nxf4 Bf6 12. Bb1 cxd4 13. cxd4 Bd7 14. a3 Rc8 15. Qd3 g6 16. Nh5 Bg7 17. Nxg7 Kxg7 18. h3 Qf6 19. b4 b5 20. Rc3 e5 21. dxe5 Nxe5 22. Nd4 Nxd3 0-1

[Event "LSS No Engine Cup 151 Preliminary 0"]
[Site "LSS email"]
[Date "2016.04.02"]
[Round "?"]
[White "Perez Garcia, Miguel"]
[Black "Ausan, Leo Tito Jr"]
[Result "1-0"]
[WhiteElo "1756"]
[BlackElo "1541"]
[PlyCount "81"]
[EventDate "2016.04.03"]
[EventType "tourn (corr)"]
[EventRounds "6"]
[EventCountry "GER"]
[SourceTitle "Corr 2022"]
[Source "ChessBase"]
[SourceDate "2021.10.24"]
[SourceVersion "1"]
[SourceVersionDate "2021.10.24"]
[SourceQuality "1"]

1. e4 c5 2. Nf3 e6 3. d4 cxd4 4. Nxd4 a6 5. Nc3 b5 6. Bd3 Bb7 7. a3 Nc6 8. Nxc6 dxc6 9. b4 c5 10. bxc5 Bxc5 11. Rb1 Qf6 12. 0-0 Ne7 13. Nxb5 axb5 14. Rxb5 Bxa3 15. Rxb7 0-0 16. e5 Qh4 17. Bxa3 Rxa3 18. g3 Qg5 19. f4 Qh6 20. Rxe7 Rfa8 21. Qb1 g6 22. Be4 Qf8 23. Bxa8 Qxe7 24. Qb8+ Kg7 25. Be4 Qc5+ 26. Kg2 Qe3 27. Qb4 Qa7 28. Rd1 Qe3 29. Qe1 Qc5 30. Qf2 Qb4 31. Bd3 h5 32. h3 Ra4 33. h4 Qb7+ 34. Kh3 Qc6 35. c4 Qa8 36. Qe2 Ra2 37. Qe4 Qa4 38. Rb1 Rd2 39. Rb7 Kg8 40. Qd4 Kg7 41. Qd8 1-0

[Event "OP-2016-0-04001"]
[Site "LSS email"]
[Date "2016.03.31"]
[Round "?"]
[White "Neuhausen, Rainer"]
[Black "Ausan, Leo Tito Jr"]
[Result "1-0"]
[WhiteElo "1189"]
[BlackElo "1254"]
[PlyCount "105"]
[EventDate "2016.03.26"]
[EventType "tourn (corr)"]
[EventRounds "4"]
[EventCountry "GER"]
[SourceTitle "Corr 2022"]
[Source "ChessBase"]
[SourceDate "2021.10.24"]
[SourceVersion "1"]
[SourceVersionDate "2021.10.24"]
[SourceQuality "1"]

1. e4 c5 2. Nf3 e6 3. d4 cxd4 4. Nxd4 a6 5. Nc3 b5 6. a3 Bb7 7. Bd3 Nc6 8. Be3 Qc7 9. 0-0 Nf6 10. Nf3 Be7 11. Bg5 d6 12. Re1 0-0 13. Ne2 e5 14. Ng3 Ne8 15. Be3 Rd8 16. Nf5 Bf6 17. Ng5 Bxg5 18. Bxg5 f6 19. Bh4 Ne7 20. Ne3 Ng6 21. Bg3 Bc6 22. c4 Kh8 23. cxb5 Bxb5 24. Bxb5 axb5 25. Rc1 Qb7 26. Nd5 f5 27. exf5 Rxf5 28. Ne3 Rf8 29. Nd5 Nf6 30. Nc7 Rd7 31. Ne6 Re8 32. Ng5 h6 33. Nf3 e4 34. Nd4 d5 35. Rc5 Ne5 36. Bxe5 Rxe5 37. Rxb5 Qc7 38. Qb3 Rh5 39. h3 Qe5 40. Nc6 Qf4 41. Rb7 Qd2 42. Rb8+ Kh7 43. Qe3 Qc2 44. Nd4 Qc7 45. Rb3 Qd6 46. Nb5 Qe5 47. Qd4 Qg5 48. Qe3 Qg6 49. Nd4 Rg5 50. g3 Nh5 51. Rc1 Nxg3 52. fxg3 Rxg3+ 53. Qxg3 1-0

[Event "IECC CL0-2016.00 email"]
[Site "IECC email"]
[Date "2016.03.30"]
[Round "?"]
[White "Ausan, Leo Tito Jr"]
[Black "Shim Ng Min, Francis"]
[Result "0-1"]
[WhiteElo "1244"]
[BlackElo "1243"]
[PlyCount "66"]
[EventDate "2016.03.13"]
[EventType "tourn (corr)"]
[EventRounds "4"]
[SourceTitle "Corr 2022"]
[Source "ChessBase"]
[SourceDate "2021.10.24"]
[SourceVersion "1"]
[SourceVersionDate "2021.10.24"]
[SourceQuality "1"]

1. e4 e6 2. d3 d5 3. Nc3 Nf6 4. Bg5 Be7 5. e5 Nfd7 6. Bxe7 Qxe7 7. Nf3 c5 8. Qe2 0-0 9. g3 Nc6 10. Bg2 Nd4 11. Nxd4 cxd4 12. Nd1 Qb4+ 13. c3 dxc3 14. bxc3 Qa5 15. 0-0 b6 16. c4 Bb7 17. f4 Rab8 18. Ne3 dxc4 19. Nxc4 Qc5+ 20. Kh1 Bxg2+ 21. Kxg2 Qd4 22. Nd6 Nc5 23. Rad1 Na4 24. f5 Nc3 25. Qh5 Nxd1 26. Rxd1 Qxe5 27. Ne4 Qxf5 28. Qh4 Qd5 29. Kh3 Qf5+ 30. Kg2 Rbc8 31. g4 Rc2+ 32. Kg1 Qf3 33. Rf1 Qg2# 0-1

[Event "RF-2016-0-00301"]
[Site "LSS email"]
[Date "2016.03.30"]
[Round "?"]
[White "Raines, David T"]
[Black "Ausan, Leo Tito Jr"]
[Result "0-1"]
[WhiteElo "1147"]
[BlackElo "1262"]
[PlyCount "84"]
[EventDate "2016.03.15"]
[EventType "tourn (corr)"]
[EventRounds "6"]
[EventCountry "GER"]
[SourceTitle "Corr 2022"]
[Source "ChessBase"]
[SourceDate "2021.10.24"]
[SourceVersion "1"]
[SourceVersionDate "2021.10.24"]
[SourceQuality "1"]

1. d4 d5 2. Nf3 Nf6 3. Bf4 Nh5 4. Be3 Bg4 5. Ne5 Bc8 6. Nd2 e6 7. c3 Nd7 8. Ndf3 Bd6 9. g3 Nhf6 10. Bg2 0-0 11. Qc2 Ne4 12. 0-0 f6 13. Nd3 Nb6 14. Nd2 Nxd2 15. Bxd2 Nc4 16. Bf4 c6 17. b3 Nb6 18. c4 dxc4 19. bxc4 Bxf4 20. Nxf4 Qxd4 21. Rac1 e5 22. Rfd1 Qc5 23. Nd3 Qe7 24. c5 Nd5 25. e4 Nc7 26. Nb2 Ne6 27. Qc4 Kh8 28. Nd3 Nd4 29. Nb4 Be6 30. Qd3 a5 31. Nc2 Rfd8 32. Nxd4 Rxd4 33. Qc2 Rad8 34. Rxd4 Rxd4 35. Bf1 Qd7 36. Qb2 Rd2 37. Rc2 Rd1 38. Rc1 Rxc1 39. Qxc1 Bxa2 40. Qa3 Qd2 41. h4 Be6 42. Kg2 g6 0-1

[Event "LSS No Engine Cup 149 Preliminary 0"]
[Site "LSS email"]
[Date "2016.03.03"]
[Round "?"]
[White "Vlasov, Alexander"]
[Black "Ausan, Leo Tito Jr"]
[Result "0-1"]
[WhiteElo "1417"]
[BlackElo "1550"]
[PlyCount "64"]
[EventDate "2016.03.04"]
[EventType "tourn (corr)"]
[EventRounds "6"]
[EventCountry "GER"]
[SourceTitle "Corr 2022"]
[Source "ChessBase"]
[SourceDate "2021.10.24"]
[SourceVersion "1"]
[SourceVersionDate "2021.10.24"]
[SourceQuality "1"]

1. e4 g6 2. Nf3 Bg7 3. d4 d6 4. h3 Nf6 5. Bd3 0-0 6. c3 Nc6 7. Bf4 e5 8. Bh2 Re8 9. dxe5 Nxe5 10. Nxe5 dxe5 11. 0-0 Bd7 12. Na3 Bc6 13. f3 Nh5 14. Bc4 Qg5 15. Kh1 Rad8 16. Qe1 a6 17. h4 Qf6 18. Qf2 b5 19. Bb3 Nf4 20. Rad1 Nd3 21. Qe2 Nc5 22. Qf2 Bf8 23. Bc2 Ne6 24. Bg3 Bh6 25. Nb1 Nf4 26. Kg1 Nh5 27. Bh2 g5 28. hxg5 Bxg5 29. g3 Kh8 30. Rxd8 Rxd8 31. Qe2 Rg8 32. Kf2 Qe7 0-1

[Event "SE-2016-0-00221"]
[Site "LSS email"]
[Date "2016.02.22"]
[Round "?"]
[White "Ausan, Leo Tito Jr"]
[Black "Kruk, Gerard"]
[Result "0-1"]
[WhiteElo "1255"]
[BlackElo "1454"]
[PlyCount "42"]
[EventDate "2016.01.04"]
[EventType "tourn (corr)"]
[EventRounds "6"]
[EventCountry "GER"]
[SourceTitle "Corr 2022"]
[Source "ChessBase"]
[SourceDate "2021.10.24"]
[SourceVersion "1"]
[SourceVersionDate "2021.10.24"]
[SourceQuality "1"]

1. e4 d5 2. exd5 Nf6 3. Nc3 Nxd5 4. Qf3 Nf6 5. h3 a6 6. Bc4 Nc6 7. Nge2 Ne5 8. Qf4 Ng6 9. Qe3 b5 10. Bb3 Bb7 11. 0-0 e6 12. d4 Qc8 13. Ng3 c5 14. dxc5 Bxc5 15. Qe2 Qc6 16. Nd5 Nxd5 17. Be3 Nxe3 18. fxe3 Bxe3+ 19. Kh2 Nh4 20. Rxf7 Kxf7 21. Rf1+ Ke7 0-1

[Event "SE-2016-0-00221"]
[Site "LSS email"]
[Date "2016.02.22"]
[Round "?"]
[White "Ausan, Leo Tito Jr"]
[Black "Marttynov, Albert"]
[Result "0-1"]
[WhiteElo "1255"]
[BlackElo "1544"]
[PlyCount "42"]
[EventDate "2016.01.04"]
[EventType "tourn (corr)"]
[EventRounds "6"]
[EventCountry "GER"]
[SourceTitle "Corr 2022"]
[Source "ChessBase"]
[SourceDate "2021.10.24"]
[SourceVersion "1"]
[SourceVersionDate "2021.10.24"]
[SourceQuality "1"]

1. e4 e5 2. Nf3 Nf6 3. Nxe5 d6 4. Nf3 Nxe4 5. Nc3 Nxc3 6. dxc3 Be7 7. Be3 Nc6 8. Bb5 Bd7 9. Qd2 Bf6 10. 0-0-0 a5 11. Rde1 0-0 12. h4 Re8 13. h5 h6 14. Reg1 Ne5 15. Nxe5 Bxb5 16. Nxf7 Qd7 17. Qd5 Kh7 18. g4 Bc6 19. Qf5+ Qxf5 20. gxf5 Bxh1 21. Rxh1 Re7 0-1

[Event "SE-2016-0-00221"]
[Site "LSS email"]
[Date "2016.02.22"]
[Round "?"]
[White "Ausan, Leo Tito Jr"]
[Black "Stasilo, Tymoteusz"]
[Result "0-1"]
[WhiteElo "1255"]
[BlackElo "1546"]
[PlyCount "82"]
[EventDate "2016.01.04"]
[EventType "tourn (corr)"]
[EventRounds "6"]
[EventCountry "GER"]
[SourceTitle "Corr 2022"]
[Source "ChessBase"]
[SourceDate "2021.10.24"]
[SourceVersion "1"]
[SourceVersionDate "2021.10.24"]
[SourceQuality "1"]

1. e4 e5 2. Nf3 Nc6 3. Bb5 a6 4. Ba4 Nf6 5. 0-0 Nxe4 6. d4 Be7 7. d5 Nc5 8. dxc6 Nxa4 9. cxb7 Bxb7 10. Nxe5 Nc5 11. Nc3 d5 12. Qg4 0-0 13. Re1 Bd6 14. Bh6 Qf6 15. Bg5 Qe6 16. Qxe6 Nxe6 17. Bh4 Nd4 18. Rac1 Nf5 19. Bg3 Nxg3 20. hxg3 Rfe8 21. Nf3 Rxe1+ 22. Rxe1 c5 23. Rd1 d4 24. Ne2 Re8 25. Kf1 a5 26. c4 h6 27. Ne1 f5 28. Nd3 Bxg2+ 29. Kxg2 Rxe2 30. Kf3 Rc2 31. Rc1 Rd2 32. Ne1 g5 33. Rc2 g4+ 34. Kg2 Rd1 35. Re2 Kf7 36. b3 d3 37. Nxd3 Rxd3 38. Rc2 f4 39. gxf4 h5 40. Rc1 Bxf4 41. Rc2 h4 0-1

[Event "SE-2016-0-00221"]
[Site "LSS email"]
[Date "2016.02.22"]
[Round "?"]
[White "Lombart, Philippe"]
[Black "Ausan, Leo Tito Jr"]
[Result "0-1"]
[WhiteElo "1359"]
[BlackElo "1255"]
[PlyCount "74"]
[EventDate "2016.01.04"]
[EventType "tourn (corr)"]
[EventRounds "6"]
[EventCountry "GER"]
[SourceTitle "Corr 2022"]
[Source "ChessBase"]
[SourceDate "2021.10.24"]
[SourceVersion "1"]
[SourceVersionDate "2021.10.24"]
[SourceQuality "1"]

1. d4 g6 2. c4 d6 3. Nc3 Bg7 4. e4 Nc6 5. Be3 e5 6. d5 Nce7 7. Be2 f5 8. f3 Nf6 9. Qd2 f4 10. Bf2 g5 11. h4 g4 12. 0-0-0 h5 13. c5 0-0 14. cxd6 cxd6 15. Kb1 Ng6 16. g3 Bh6 17. gxf4 Bxf4 18. Qc2 g3 19. Be1 g2 20. Rh3 Bxh3 21. Nxh3 Rc8 22. Qb3 Qd7 23. Ng1 Be3 24. Bg3 Nf4 25. Bb5 Qc7 26. Bxf4 exf4 27. Nh3 a6 28. Be2 b5 29. Bd3 Qe7 30. Ne2 Nd7 31. Ng5 Ne5 32. Ne6 Rf7 33. Ng5 Rg7 34. Ng1 Rxg5 35. hxg5 Qa7 36. Nh3 g1Q 37. Nxg1 Bxg1 0-1

[Event "SE-2016-0-00221"]
[Site "LSS email"]
[Date "2016.02.22"]
[Round "?"]
[White "Vlasov, Alexander"]
[Black "Ausan, Leo Tito Jr"]
[Result "0-1"]
[WhiteElo "1328"]
[BlackElo "1255"]
[PlyCount "66"]
[EventDate "2016.01.04"]
[EventType "tourn (corr)"]
[EventRounds "6"]
[EventCountry "GER"]
[SourceTitle "Corr 2022"]
[Source "ChessBase"]
[SourceDate "2021.10.24"]
[SourceVersion "1"]
[SourceVersionDate "2021.10.24"]
[SourceQuality "1"]

1. c4 e5 2. Nc3 Nf6 3. e3 Bb4 4. a3 Bxc3 5. bxc3 0-0 6. d4 Re8 7. Ne2 Nc6 8. Ng3 d6 9. Be2 Ne7 10. 0-0 Nf5 11. Qc2 Nxg3 12. hxg3 e4 13. Bd2 Bg4 14. Rfe1 Qd7 15. Qd1 Qf5 16. f3 exf3 17. gxf3 Bh3 18. e4 Qg6 19. Kh2 Bd7 20. Rh1 Re7 21. Bd3 Rae8 22. Qc2 Qh5+ 23. Kg2 Qa5 24. a4 c6 25. e5 dxe5 26. Bxh7+ Kf8 27. Bf5 exd4 28. Rh8+ Ng8 29. Bh7 Re2+ 30. Kg1 dxc3 31. Rxg8+ Ke7 32. Rxe8+ Kxe8 33. Re1 Qc5+ 0-1

[Event "IECC CL0-2016.00 email"]
[Site "IECC email"]
[Date "2016.01.20"]
[Round "?"]
[White "Ausan, Leo Tito Jr"]
[Black "Hickl, Norbert"]
[Result "1-0"]
[WhiteElo "1237"]
[BlackElo "830"]
[PlyCount "41"]
[EventDate "2015.12.15"]
[EventType "tourn (corr)"]
[EventRounds "4"]
[SourceTitle "Corr 2022"]
[Source "ChessBase"]
[SourceDate "2021.10.24"]
[SourceVersion "1"]
[SourceVersionDate "2021.10.24"]
[SourceQuality "1"]

1. e4 e6 2. d4 d5 3. Nd2 dxe4 4. Nxe4 Bd7 5. Nf3 Bc6 6. Bd3 Nd7 7. 0-0 Ngf6 8. Bg5 Be7 9. Nxf6+ Bxf6 10. Bxf6 Nxf6 11. c3 0-0 12. Ne5 Qe8 13. g4 Nd5 14. Qf3 f6 15. Nxc6 Qxc6 16. Qh3 h6 17. f4 Rae8 18. Rae1 Qb6 19. Qh5 e5 20. Qg6 Rf7 21. fxe5 1-0